Every screen on the planet : (Record no. 126825)

MARC details
000 -LEADER
campo de control de longitud fija 06258cam a22007335i 4500
001 - NÚMERO DE CONTROL
campo de control in00024411647
003 - IDENTIFICADOR DE NÚMERO DE CONTROL
campo de control BJBSDDR
005 - FECHA Y HORA DE LA ÚLTIMA TRANSACCIÓN
campo de control 20260415091520.0
007 - CAMPO FIJO DE DESCRIPCIÓN FÍSICA--INFORMACIÓN GENERAL
campo de control de longitud fija t|
008 - DATOS DE LONGITUD FIJA--INFORMACIÓN GENERAL
campo de control de longitud fija 261501t20252025nyu e b 000 0 eng d
010 ## - NÚMERO DE CONTROL DE LA BIBLIOTECA DEL CONGRESO
Número de control de LC 2025398961
020 ## - NÚMERO INTERNACIONAL ESTÁNDAR DEL LIBRO
Número Internacional Estándar del Libro 9781324086666
Información calificativa hardcover
035 ## - NÚMERO DE CONTROL DEL SISTEMA
Número de control de sistema (OCoLC)1490364598
040 ## - FUENTE DE CATALOGACIÓN
Centro catalogador/agencia de origen YDX
Lengua de catalogación eng
Normas de descripción rda
Centro/agencia transcriptor YDX
Centro/agencia modificador OCLCO
-- SMDRL
-- IG#
-- CLE
-- JN3
-- OCLCO
-- GO6
-- SDD
-- WCT
-- UAH
-- FAYTV
-- MLSOD
-- HQC
-- OCLCO
-- QGK
-- SFB
-- ZGR
-- IWA
-- UCW
-- DLC
-- DLC-MRC
-- DLC
042 ## - CÓDIGO DE AUTENTICACIÓN
Código de autenticación lccopycat
043 ## - CÓDIGO DE ÁREA GEOGRÁFICA
Código de área geográfica n-us---
Número de control del registro de autoridad o número normalizado http://id.loc.gov/vocabulary/geographicAreas/n-us
043 ## - CÓDIGO DE ÁREA GEOGRÁFICA
Código de área geográfica a-cc---
Número de control del registro de autoridad o número normalizado http://id.loc.gov/vocabulary/geographicAreas/a-cc
050 14 - SIGNATURA TOPOGRÁFICA DE LA BIBLIOTECA DEL CONGRESO
Número de clasificación TK5105.8868.T55
Número de ítem B35 2025
082 04 - NÚMERO DE LA CLASIFICACIÓN DECIMAL DEWEY
Número de clasificación 338.7
Número de edición 23
082 04 - NÚMERO DE LA CLASIFICACIÓN DECIMAL DEWEY
Número de clasificación 303.483
Número de edición 23
Número de ítem B168 2025
100 1# - ENTRADA PRINCIPAL--NOMBRE DE PERSONA
Nombre de persona Baker-White, Emily
Término indicativo de función/relación author
Relación aut
-- http://id.loc.gov/vocabulary/relators/aut
Número de control del registro de autoridad o número normalizado http://id.loc.gov/authorities/names/no2025122322
URI de un objeto del mundo real http://id.loc.gov/rwo/agents/no2025122322
9 (RLIN) 47959
245 10 - MENCIÓN DEL TÍTULO
Título Every screen on the planet :
Resto del título the war over TikTok /
Mención de responsabilidad, etc. Emily Baker-White.
246 30 - FORMA VARIANTE DEL TITULO
Título propio/Titulo breve War over TikTok
250 ## - MENCION DE EDICION
Mención de edición First edition.
264 #1 - PRODUCCIÓN, PUBLICACIÓN, DISTRIBUCIÓN, FABRICACIÓN Y COPYRIGHT
Producción, publicación, distribución, fabricación y copyright New York :
Nombre del de productor, editor, distribuidor, fabricante W.W. Norton & Company Inc,
Fecha de producción, publicación, distribución, fabricación o copyright [2025]
264 #4 - PRODUCCIÓN, PUBLICACIÓN, DISTRIBUCIÓN, FABRICACIÓN Y COPYRIGHT
Fecha de producción, publicación, distribución, fabricación o copyright ©2025
300 ## - DESCRIPCIÓN FÍSICA
Extensión viii, 360 pages ;
Otras características físicas 24 cm
336 ## - TIPO DE CONTENIDO
Término de tipo de contenido text
Código de tipo de contenido txt
Fuente rdacontent
Número de control del registro de autoridad o número normalizado http://id.loc.gov/vocabulary/contentTypes/txt
337 ## - TIPO DE MEDIO
Nombre/término del tipo de medio unmediated
Código del tipo de medio n
Fuente rdamedia
Número de control del registro de autoridad o número normalizado http://id.loc.gov/vocabulary/mediaTypes/n
338 ## - TIPO DE SOPORTE
Nombre/término del tipo de soporte volume
Código del tipo de soporte nc
Fuente rdacarrier
Número de control del registro de autoridad o número normalizado http://id.loc.gov/vocabulary/carriers/nc
504 ## - NOTA DE BIBLIOGRAFÍA, ETC.
Nota de bibliografía, etc. Includes bibliographical references (pages 331-360)
505 0# - NOTA DE CONTENIDO CON FORMATO
Nota de contenido con formato Introduction -- Act I. Information looking for people -- The moral champion -- "Very similar to running a country" -- Three ways to make money on the internet -- Manufacturing hype -- A guy named Jorge -- Content moderation -- Rectification -- Expression as a user right -- The fifth estate -- Act II. Leverage -- To infinity and beyond -- "Bro get Kpop stan on this" -- Galwan Valley -- American puppet -- Key money -- TikTok global -- Act III. Driver carries no cash -- The corporate group -- Disappearances -- Ownership and control -- The TikTok tapes -- Internal audit and risk control -- The misguided effort -- Act IV. Wartime -- Sell or else -- Shoutime -- Loyalty tests -- "No insult to ByteDance..." -- Enshittification -- "LOL hey guys" -- PAFACAA -- Act V. The pivot -- A sense of crisis -- Contingency plans -- The TikTok president -- Defensive democracy -- Per curiam -- The flicker -- Two daddies now -- Epilogue.
520 ## - RESUMEN, ETC.
Sumario, etc. "Emily Baker-White's narrative charts TikTok's rise from obscurity into the world's most valuable startup, led by its ambitious founder, Zhang Yiming--arguably the father of the modern recommendation algorithm. Shang's products reshaped the global internet from a place where you searched for information to one where information came to you. TikTok seemed to know its users in an almost spooky way, provoking wonder and delight. But virtually everything about TikTok's users--their interests, locations, and even their unspoken desires--was accessible to staff in Bejing. After Baker-White, a Harvard-trained lawyer and investigative reporter, revealed that Chinese engineers could access American's private information, a team of employees used the app to track her location and attempt to identify whistleblowers. This incident triggered an ongoing criminal investigation and escalated the US government's fight against Chinese tech. TikTok was the first Chinese app to become a US juggernaut, and lawmakers soon recognized its potential for surveillance and propaganda--and the threat it might pose in the hands of their rivals. Yet even as hawks in Congress gained support to ban the app, the White House was secretly negotiating for unprecedented control over its information stream. In 2025 Donald Trump declined to enforce the so-called ban law, TikTok seemed to complete a miraculous corporate escape. It retained its influence, profits, and power, but now operated at the pleasure of two strongmen: China's Xi Jinping and Trump himself."-- Provided by vendor.
610 20 - PUNTO DE ACCESO ADICIONAL DE MATERIA--NOMBRE DE ENTIDAD CORPORATIVA
Nombre de entidad corporativa o nombre de jurisdicción como elemento de entrada TikTok (Firm)
URI de un objeto del mundo real http://id.loc.gov/rwo/agents/no2023106337
650 #0 - PUNTO DE ACCESO ADICIONAL DE MATERIA--TÉRMINO DE MATERIA
Término de materia o nombre geográfico como elemento de entrada Internet videos
Número de control del registro de autoridad o número normalizado http://id.loc.gov/authorities/subjects/sh2007001612
650 #0 - PUNTO DE ACCESO ADICIONAL DE MATERIA--TÉRMINO DE MATERIA
Término de materia o nombre geográfico como elemento de entrada Online social networks
Número de control del registro de autoridad o número normalizado http://id.loc.gov/authorities/subjects/sh2006006990
650 #0 - PUNTO DE ACCESO ADICIONAL DE MATERIA--TÉRMINO DE MATERIA
Término de materia o nombre geográfico como elemento de entrada Social media
Subdivisión general Psychological aspects
650 #0 - PUNTO DE ACCESO ADICIONAL DE MATERIA--TÉRMINO DE MATERIA
Término de materia o nombre geográfico como elemento de entrada Digital media
Subdivisión general Social aspects
Número de control del registro de autoridad o número normalizado http://id.loc.gov/authorities/subjects/sh2009123379
650 #0 - PUNTO DE ACCESO ADICIONAL DE MATERIA--TÉRMINO DE MATERIA
Término de materia o nombre geográfico como elemento de entrada Mobile apps
Subdivisión general Law and legislation
Número de control del registro de autoridad o número normalizado http://id.loc.gov/authorities/subjects/sh2018000536
650 #0 - PUNTO DE ACCESO ADICIONAL DE MATERIA--TÉRMINO DE MATERIA
Término de materia o nombre geográfico como elemento de entrada Social media
Número de control del registro de autoridad o número normalizado http://id.loc.gov/authorities/subjects/sh2006007023
650 #0 - PUNTO DE ACCESO ADICIONAL DE MATERIA--TÉRMINO DE MATERIA
Término de materia o nombre geográfico como elemento de entrada Whistle blowers
Número de control del registro de autoridad o número normalizado http://id.loc.gov/authorities/subjects/sh2020000332
650 #0 - PUNTO DE ACCESO ADICIONAL DE MATERIA--TÉRMINO DE MATERIA
Término de materia o nombre geográfico como elemento de entrada Privacy, Right of
Subdivisión geográfica United States
Número de control del registro de autoridad o número normalizado http://id.loc.gov/authorities/subjects/sh2008108965
650 #0 - PUNTO DE ACCESO ADICIONAL DE MATERIA--TÉRMINO DE MATERIA
Término de materia o nombre geográfico como elemento de entrada Data privacy
Número de control del registro de autoridad o número normalizado http://id.loc.gov/authorities/subjects/sh2021005721
650 #7 - PUNTO DE ACCESO ADICIONAL DE MATERIA--TÉRMINO DE MATERIA
Término de materia o nombre geográfico como elemento de entrada social media
Fuente del encabezamiento o término aat
650 #7 - PUNTO DE ACCESO ADICIONAL DE MATERIA--TÉRMINO DE MATERIA
Término de materia o nombre geográfico como elemento de entrada BUSINESS & ECONOMICS / Corporate & Business History
Fuente del encabezamiento o término bisacsh
650 #7 - PUNTO DE ACCESO ADICIONAL DE MATERIA--TÉRMINO DE MATERIA
Término de materia o nombre geográfico como elemento de entrada POLITICAL SCIENCE / Security (National & International)
Fuente del encabezamiento o término bisacsh
650 #7 - PUNTO DE ACCESO ADICIONAL DE MATERIA--TÉRMINO DE MATERIA
Término de materia o nombre geográfico como elemento de entrada BUSINESS & ECONOMICS / Industries / Computers & Information Technology
Fuente del encabezamiento o término bisacsh
650 #7 - PUNTO DE ACCESO ADICIONAL DE MATERIA--TÉRMINO DE MATERIA
Término de materia o nombre geográfico como elemento de entrada COMPUTERS / Internet / Social Media
Fuente del encabezamiento o término bisacsh
651 #0 - PUNTO DE ACCESO ADICIONAL DE MATERIA--NOMBRE GEOGRÁFICO
Nombre geográfico United States
URI de un objeto del mundo real http://id.loc.gov/rwo/agents/n78095330
651 #0 - PUNTO DE ACCESO ADICIONAL DE MATERIA--NOMBRE GEOGRÁFICO
Nombre geográfico China
URI de un objeto del mundo real http://id.loc.gov/rwo/agents/n79091151
651 #0 - PUNTO DE ACCESO ADICIONAL DE MATERIA--NOMBRE GEOGRÁFICO
Nombre geográfico United States
Subdivisión general Foreign relations
Subdivisión geográfica China
Número de control del registro de autoridad o número normalizado http://id.loc.gov/authorities/subjects/sh2007100024
651 #0 - PUNTO DE ACCESO ADICIONAL DE MATERIA--NOMBRE GEOGRÁFICO
Nombre geográfico China
Subdivisión general Foreign relations
Subdivisión geográfica United States
Número de control del registro de autoridad o número normalizado http://id.loc.gov/authorities/subjects/sh2008100081
655 #7 - TERMINO DE INDIZACIÓN--GENERO/FORMA
Datos o término principal de género/forma Informational works
Fuente del término lcgft
Número de control del registro de autoridad o número normalizado http://id.loc.gov/authorities/genreForms/gf2014026113
655 #7 - TERMINO DE INDIZACIÓN--GENERO/FORMA
Datos o término principal de género/forma Informational works
Fuente del término lcgft
Número de control del registro de autoridad o número normalizado http://id.loc.gov/authorities/genreForms/gf2014026113
655 #7 - TERMINO DE INDIZACIÓN--GENERO/FORMA
Datos o término principal de género/forma BUS077000
Fuente del término bisacsh
655 #7 - TERMINO DE INDIZACIÓN--GENERO/FORMA
Datos o término principal de género/forma BUS070030
Fuente del término bisacsh
655 #7 - TERMINO DE INDIZACIÓN--GENERO/FORMA
Datos o término principal de género/forma COM060140
Fuente del término bisacsh
655 #7 - TERMINO DE INDIZACIÓN--GENERO/FORMA
Datos o término principal de género/forma POL012000
Fuente del término bisacsh
884 ## - Información sobre la conversión de la descripción
Proceso de conversión DLC bibframe2marc v3.1-dev
Fecha de conversión 20260115
Agencia que convierte los datos DLC
Identificador Uniforme de Recursos https://github.com/lcnetdev/bibframe2marc/tree/v3.1-dev
906 ## - ELEMENTOS DE DATOS F LOCAL, LDF (RLIN)
a 0
b ibc
c copycat
d 2
e ncip
f 20
g y-gencatlg
942 ## - ELEMENTOS DE ENTRADA SECUNDARIOS (KOHA)
Fuente del sistema de clasificación o colocación Clasificación de Library of Congress
Suprimir en OPAC No
Tipo de ítem Koha Libro
946 ## - PROCESAMIENTO DE INFORMACIÓN LOCAL (OCLC)
Iniciales del agente catalogador cmc
Holdings
Estatus retirado Estado de pérdida Fuente del sistema de clasificación o colocación Estado de daño No para préstamo Colección Biblioteca de origen Biblioteca actual Ubicación en estantería Fecha de adquisición Signatura topográfica completa Código de barras Visto por última vez Copia número Tipo de ítem Koha
    Clasificación de Library of Congress     Automatización y Procesos Técnicos Biblioteca Juan Bosch Biblioteca Juan Bosch Automatización y Procesos Técnicos (1er. Piso) 15/04/2026 TK5105.8868.T55 B35 2025 00000198962 15/04/2026 1 Libro